000 00350nam a2200145Ia 4500
008 230917s9999||||xx |||||||||||||| ||und||
040 _e137489
_aMAIN
041 _aEnglish
082 _a658.3 R18H
100 _aRao, T V
245 0 _aHuman resource development
260 _aNew Delhi
_bSage Publications
_c1996
300 _a394p p.
942 _cBK
999 _c94724
_d94724